| 000 | 00336nam a2200121 4500 | ||
|---|---|---|---|
| 999 |
_c10865 _d10865 |
||
| 003 | OSt | ||
| 005 | 20221019141354.0 | ||
| 008 | 221019b ||||| |||| 00| 0 eng d | ||
| 100 | _aEdward D mills | ||
| 245 | _aPlanning :Buildings for health welfare and religion | ||
| 260 |
_aNew York _bRobert E Kricger publishing company |
||
| 942 | _2ddc | ||